Abeceda obchodu: Význam informací při vstupu na nový trh

Riziká pri vstupe do medzinárodného obchodu, služieb, dopravy a financií, spočívajúce v rozdielnych pomeroch domáceho trhu a prostredia vzhľadom k pomerom zahraničným. Správne a rýchle informácie - prvý predpoklad úspechu pri prenikaní na zahraničné trhy. Informačné centrum EÚ /ICEÚ/ - zdroj bezplat...

Descrizione completa

Salvato in:
Dettagli Bibliografici
Autore principale: Kalvoda, Jan
Natura: Capitolo di libro
Lingua:ceco
Soggetti:
Tags: Aggiungi Tag
Nessun Tag, puoi essere il primo ad aggiungerne!!

MARC

LEADER 00000naa a2200000 4500
001 r047464
005 20230908091731.8
041 0 |a cze 
044 |a CZ 
245 1 0 |a Abeceda obchodu: Význam informací při vstupu na nový trh  |c Jan Kalvoda 
520 |a Riziká pri vstupe do medzinárodného obchodu, služieb, dopravy a financií, spočívajúce v rozdielnych pomeroch domáceho trhu a prostredia vzhľadom k pomerom zahraničným. Správne a rýchle informácie - prvý predpoklad úspechu pri prenikaní na zahraničné trhy. Informačné centrum EÚ /ICEÚ/ - zdroj bezplatných informácií pre českých vývozcov do krajín EÚ. Domáce a zahraničné marketingové agentúry v Čechách, databázy, odborná a denná tlač, špecializované spoločnosti. 
610 2 0 |a informácie obchodno-ekonomické 
610 2 0 |a trh zahraničný 
610 2 0 |a vývoz 
610 2 0 |a technika obchodná 
610 2 0 |a Česko 
100 1 |a Kalvoda, Jan